Flyover Seas - Statistics

General Stats
  • This quiz has been taken 28 times
  • The average score is 14 of 18
Answer Stats
Cities Sea % Correct
Marseille >> Algiers Mediterranean Sea
100%
Havana >> Panama City Caribbean Sea
96%
Rome >> Vienna Adriatic Sea
91%
Bucharest >> Istanbul Black Sea
91%
Riyadh >> Khartoum Red Sea
91%
Stockholm >> Warsaw Baltic Sea
87%
Tokyo >> Seoul Sea of Japan
87%
Hong Kong >> Manila South China Sea
87%
Baku >> Tehran Caspian Sea
83%
London >> Oslo North Sea
83%
Sydney >> Auckland Tasman Sea
83%
Anchorage >> Yakutsk Bering Sea
78%
Mumbai >> Sana'a Arabian Sea
70%
Glasgow >> Dublin Irish Sea
70%
Kiev >> Athens Aegean Sea
65%
Jakarta >> Surabaya Java Sea
48%
Dili >> Darwin Timor Sea
48%
Madrid >> Palma de Mallorca Balearic Sea
39%
No matching quizzes found
Score Distribution
Percent of People with Each Score
Percentile by Number Answered
Your Score History
You have not taken this quiz